LDR 00913naa#a2200193#i#450# 001 EN\\bibl\122426 005 20260705110430.7 011 ## _a2686-9896 100 ## _a20260515b2026####ek#y0engy0150####ca 102 ## _aRU 200 1# _aOPTIMIZATION OF RAW MATERIAL RESOURCES FOR MAXIMUM PRODUCTION OF HIGH-OCTANE COMPONENT AT THE L-35/11-1000 REFORMING _eJournal article 210 1# _aAngarsk _cFederal State Funded Educational Establishment of Higher Education «Angarsk State Technical University» _d2026 215 ## _a1 с. 608 ## _aJournal article _2local 675 ## _aТехнология масел, жиров, восков, нефти. Полировальные составы. Клеящие вещества. Камеди и природные смолы. 665 _z 700 #1 _aKuzora _gIgor' Evgen'evich 700 #1 _aTrukhina _gAnastasia Alexandrovna 700 #1 _aBugaeva _gMarina Alexandrovna 856 4# _aangtu.editorum.ru _u